000 01103cam a22003257a 4500
001 15634664
003 ARRUPE
005 20161013112405.0
008 090223s1983 ctua 001 0 eng d
010 _a 2009285685
020 _a0811905659
020 _a9780811905657
035 _a(OCoLC)ocm10219954
040 _aDMP
_cDMP
_dOCL
_dOCLCQ
_dBTCTA
_dOCLCG
_dDLC
042 _alccopycat
050 0 0 _aDS557.7
_b.W395 1983
082 0 4 _a355.82
245 0 0 _aWeapons of the Vietnam War /
_c[edited by] Anthony Robinson, Antony Preston, Ian V. Hogg.
260 _aGreenwich, Conn. :
_bBison Books ;
_aNew York :
_bDistributed by Frederick Fell,
_c1983.
300 _a189, [3] p. :
_bill. ;
_c29 cm.
500 _aIncludes index.
650 0 _aOrdnance.
_926713
650 0 _aVietnam War, 1961-1975.
_926714
700 1 _aRobinson, Anthony,
_d1947-
_926715
700 1 _aPreston, Antony,
_d1938-
_926716
700 1 _aHogg, Ian V.,
_d1926-
_926717
906 _a7
_bcbc
_ccopycat
_d2
_encip
_f20
_gy-gencatlg
942 _2lcc
_cMONOGRAPH
999 _c125498
_d125498